| 000 | 01013na a2200325 4500 | ||
|---|---|---|---|
| 001 | 22135 | ||
| 003 | MIRAKIL | ||
| 005 | 20181213155253.0 | ||
| 008 | 170210b tu 000 0 | ||
| 035 | _a22135 | ||
| 040 |
_aMilas _btur _cTR-AnCHP |
||
| 041 | _atur | ||
| 090 | _aSHP 8 | ||
| 110 | _aSosyaldemokrat Halkçı Parti (SHP) | ||
| 222 | _aYönetmelikler | ||
| 245 |
_aSosyaldemokrat Halkçı Parti Büyük Kongre (Kurultay Yönetmeliği) _bBüyük Kongre _cSHP |
||
| 246 | _aSHP Yönetmeliği | ||
| 246 | _aSHP 1986 Kurultay Yönetmeliği | ||
| 246 | _aBüyük kongre kurultay yönetmeliği | ||
| 260 |
_aAnkara _b[SHP] _c1986 |
||
| 300 |
_a15 s. _c20 sm. |
||
| 610 |
_aSosyaldemokrat Halkçı Parti (SHP) _xYönetmelikler, 1986 |
||
| 610 |
_aSosyaldemokrat Halkçı Parti (SHP) _xKurultaylar, 1986 |
||
| 651 |
_aTürkiye _xSiyaset ve yönetim |
||
| 657 | _aSHP yönetmelikleri | ||
| 657 | _aSHP Büyük Kongreler | ||
| 830 | _aSHP yönetmeliği | ||
| 942 |
_2ddc _cBKS |
||
| 999 |
_c9663 _d9663 |
||